Zmeny v zákone o dani z príjmov

Práva úprava zdaňovania príjmov v zákone o dani z príjmov.

Salvato in:
Dettagli Bibliografici
Autore principale: Valterová, Ivana
Natura: Capitolo di libro
Lingua:slovacco
Soggetti:
Tags: Aggiungi Tag
Nessun Tag, puoi essere il primo ad aggiungerne!!

MARC

LEADER 00000naa a2200000 4500
001 0206717
005 20231120130718.0
041 0 |a slo 
044 |a SK 
245 1 0 |a Zmeny v zákone o dani z príjmov  |c Ivana Valterová 
520 |a Práva úprava zdaňovania príjmov v zákone o dani z príjmov. 
610 2 0 |a úpravy právne 
610 2 0 |a zákony 
610 2 0 |a Slovensko 
610 2 0 |a novelizácia 
610 2 0 |a dane z príjmov 
100 1 |a Valterová, Ivana